000 00575cam a22002053a 4500
001 41354
003 PGUSA
005 20140828083930.0
008 121112s2012||||xxu|||||s|||||000 | eng d
040 _aPGUSA
_beng
042 _adc
100 1 _aNesbit, E.
_q(Edith),
_d1858-1924
245 1 4 _aThe Incredible Honeymoon
_h[electronic resource] /
_cE. Nesbit
260 _bProject Gutenberg,
_c2012
506 _aPublic domain in the USA.
516 _aElectronic text
830 0 _aProject Gutenberg
_v41354
856 4 0 _uhttp://www.gutenberg.org/ebooks/41354
942 _cEB
999 _c270606
_d270606